|
|
|
|
| LEADER |
00000nam0a2200000 4500 |
| 001 |
233162 |
| 005 |
20231101231227.0 |
| 010 |
|
|
|b 10 000 экз.
|
| 035 |
|
|
|a (RuTPU)RU\TPU\book\254230
|
| 090 |
|
|
|a 233162
|
| 100 |
|
|
|a 20130228d1935 m y0rusy50 ca
|
| 101 |
1 |
|
|a ger
|
| 102 |
|
|
|a RU
|
| 105 |
|
|
|a ac z 000zb
|
| 200 |
1 |
|
|a Последняя экспедиция Альфреда Вегенера в Гренландию (1930-1931)
|e по воспоминаниям ее участников и дневникам Альфреда Вегенера
|f перевод под ред. М. А. Дьяконова ; авт. предисл. Н. Н. Урванцев
|
| 210 |
|
|
|a Ленинград
|c Главсевморпуть
|d 1935
|
| 215 |
|
|
|a XIV, 298 с.
|c ил.
|
| 225 |
1 |
|
|a Полярная библиотека
|
| 610 |
1 |
|
|a полярные исследования
|
| 610 |
1 |
|
|a Гренландия
|
| 610 |
1 |
|
|a воспоминания
|
| 610 |
1 |
|
|a дневниковые записи
|
| 675 |
|
|
|a 910.4
|v 3
|
| 702 |
|
1 |
|a Дьяконов
|b М. А.
|c академик РАН (1912)
|c историк
|f 1855-1919
|g Михаил Александрович
|2 stltpush
|3 (RuTPU)RU\TPU\pers\23883
|4 340
|4 730
|9 10527
|
| 702 |
|
1 |
|a Урванцев
|b Н. Н.
|c российский геолог, географ, полярный исследователь
|c выпускник Томского Технологического института
|f 1893-1985
|g Николай Николаевич
|2 stltpush
|3 (RuTPU)RU\TPU\pers\7981
|4 080
|
| 801 |
|
1 |
|a RU
|b 63413507
|c 20130228
|
| 801 |
|
2 |
|a RU
|b 63413507
|c 20160129
|g RCR
|
| 942 |
|
|
|c BK
|